|
|
|
|
| LEADER |
00994nam a22003132a 4500 |
| 001 |
001681858 |
| 003 |
CZ BrMZK |
| 005 |
20190724163540.0 |
| 007 |
ta |
| 008 |
190509s1911 gw frm||||||||||ger d |
| 040 |
|
|
|a BOA001
|b cze
|e aacr2
|
| 072 |
|
7 |
|a 591
|x Obecná zoologie
|2 Konspekt
|9 2
|
| 080 |
|
|
|a 591.34
|2 MRF
|
| 080 |
|
|
|a (048.3)
|2 MRF
|
| 080 |
|
|
|a (043.3)
|2 MRF
|
| 100 |
1 |
|
|a Braun, Max
|4 dis
|
| 245 |
1 |
4 |
|a Das Mitteldarmepithel der Insektenlarven während der Hëutung /
|c Max Braun
|
| 260 |
|
|
|a Berlin :
|b Max Braun,
|c 1911
|
| 300 |
|
|
|a 54 s.
|
| 502 |
|
|
|a Disertace--Friedrich-Wilhelms-Universität Berlin, 1911
|
| 650 |
0 |
7 |
|a larvy
|7 ph174603
|2 czenas
|
| 655 |
|
7 |
|a disertace
|7 fd132024
|2 czenas
|
| 655 |
|
7 |
|a teze
|7 fd133701
|2 czenas
|
| 710 |
2 |
|
|a Friedrich-Wilhelms-Universität Berlin
|7 ko2004238874
|
| 910 |
|
|
|a BOA001
|b X-0370.467
|
| 990 |
|
|
|a BK
|
| 993 |
|
|
|a Y
|
| 991 |
|
|
|b 201905
|
| 996 |
6 |
|
|b 2618984619
|c X-0370.467
|l MZK
|r Sklad / do 24 hodin
|n 0
|w 001721877
|u 000010
|a 1
|e BOA001
|j MZK50
|s P
|